Jessie J Charting Songs (Billboard Hot 100) - Statistics

General Stats
  • This quiz has been taken 66 times
  • The average score is 4 of 6
Answer Stats
Album Weeks On Peak Artist(s) Song % Correct
Sweet Talker 31 Weeks #3 Jessie J, Ariana Grande & Nicki Minaj Bang Bang
98%
Who You Are 20 Weeks #23 Jessie J ft. B.o.B Price Tag
98%
Who You Are 29 Weeks #6 Jessie J Domino
84%
Pitch Perfect 2 7 Weeks #61 Jessie J Flashlight
76%
Sweet Talker 3 Weeks #65 Jessie J Masterpiece
43%
Sweet Talker 6 Weeks #86 Jessie J ft. 2 Chainz Burnin' Up
37%
No matching quizzes found
Score Distribution
Percent of People with Each Score
Percentile by Number Answered
Your Score History
You have not taken this quiz